Lana Del Rey- Cherry (All Lyrics) - Statistics

General Stats
  • This quiz has been taken 415 times
  • The average score is 180 of 265
Answer Stats
Lyrics % Correct
I
97%
A
95%
a
95%
When
95%
when
95%
you
94%
And
92%
and
92%
My
90%
my
90%
of
90%
Love
89%
love
89%
love?
89%
to
89%
I'm
85%
with
85%
fall
84%
pieces
84%
rose
84%
so
84%
the
84%
wine
84%
cherries
83%
like
83%
all
82%
real
82%
are
80%
Are
80%
is
80%
Is
80%
it
80%
rosemary
80%
much
78%
Darlin'
76%
darlin'
76%
ruined
76%
thyme
75%
'Cause
73%
peaches
73%
your
73%
said
71%
(Fuck)
70%
(Bitch)
69%
(Yeah)
69%
yeah
69%
yeah)
69%
in
68%
just
67%
no
67%
you're
66%
danger
65%
want
65%
It's
61%
face
60%
feelin'
59%
fear
58%
standin'
57%
evil
55%
against
54%
from
54%
somethin'
51%
touch
50%
on
49%
up
47%
heaven
46%
black
45%
garden
45%
at
44%
dreams
44%
place
44%
stay
44%
takin'
44%
beaches
43%
fire
43%
smilin'
41%
burn
40%
firin'
40%
lined
40%
by
38%
squad's
38%
(Why?)
38%
me
37%
ya
37%
off
36%
rush
34%
seams
33%
Set
31%
torn
31%
lettin'
29%
fiends
25%
(Can
24%
celluloid
21%
get
20%
fuckin'
17%
scenes
17%
hallelujah?)
14%
Cola)
13%
Cola
13%
Coca-
11%
(Hey)
11%
(Sippin'
11%
(Lookin'
8%
magazine)
8%
fucking
7%
No matching quizzes found
Score Distribution
Percent of People with Each Score
Percentile by Number Answered
Your Score History
You have not taken this quiz